| 000 | 00663nam a2200241Ia 4500 | ||
|---|---|---|---|
| 008 | 160803s9999 xx 000 0 und d | ||
| 020 | _a9780545241984 | ||
| 100 | _aColandro, Lucille | ||
| 245 | _aThere was an old lady who swallowed some leaves! / | ||
| 245 | _cby Lucille Colandro ; illustrated by Jared Lee. | ||
| 260 | _aNew York : | ||
| 260 | _bScholastic Inc. | ||
| 260 | _c2010 | ||
| 300 | _a30 unnumbered pages : | ||
| 300 | _bcolor illustrations ; | ||
| 300 | _c26 cm | ||
| 440 | _aCartwheel books. | ||
| 650 | _aLeaves -- | ||
| 650 | _aSneezing -- | ||
| 650 | _xJuvenile fiction. | ||
| 650 | _xJuvenile fiction. | ||
| 700 | _a370 | ||
| 999 |
_c299278 _d299278 |
||